000 00367nam a22001577a 4500
003 OSt
008 260224b |||||||| |||| 00| 0 eng d
020 _a9788126929498
082 _a658.478 LEC
100 _aLELE,Chitra
245 _aCyber Risk Management
250 _a1st Ed Reprint
260 _aNew Delhi
_bAtlantic
_c2025
300 _a153p
942 _2ddc
_cREF
999 _c13853
_d13853